000 00702nam a22002177a 4500
999 _c12512
_d12512
003 AR-CdUCM
008 190409b ||||| |||| 00| 0 spa d
040 _aMUNICIPALIDAD PROVINCIAL DEL CUSCO
_cBIBLIOTECA MUNICIPAL DEL CUSCO
082 _a869.56 /
_bOS81 / 1977
100 _aOsorio, Juan Alberto
_96571
245 _aInaucis /
260 _aHuamanga :
_bUniversidad Nacional de San Cristóbal de Huamanga,
_c1977.
300 _a50 páginas ;
_bilustraciones,
_c15 cm.
440 _aEdiciones tricentenario
_924580
505 _aContenido: Poesías.
650 _aLiteratura Peruana
_9132
650 _aSiglo XX
_98
650 _aPoesía
_9139
942 _2ddc
_cLIBROS
945 _aachl
_d2019-04-09